Les dents - Statistiques

Statistiques générales
  • Ce quiz a été pris 226 fois
  • Le résultat moyen est 10 sur 16
Statistiques - réponses
Définitions Réponses % Correct
Les 12 dents les plus au fond Molaires
82%
2 en bas et 2 en haut Canines
78%
Elles saignent si on se brosse pas assez souvent Gencives
78%
4 d'entre elle sont arrachées vers 20 ans Sagesse
77%
8 dents les plus devant quand on sourit Incisives
76%
Os faisant bouger les dents du haut Maxillaire
76%
Les personnes âgées en on un pour le bas et le haut Dentier
74%
Os faisant bouger les dents du bas Mandibule
72%
Infection de la dent Carrie
67%
Procédure permettant d'enlever le dépôt dur Détartrage
64%
Les premières dents qui s'enlèvent à l'enfance Lait
62%
Dent de remplacement en cas de souci Couronne
60%
Au nom de 8, son nom est proche d'une autre réponse Prémolaires
60%
Protège la dent de toutes sortes d'agressions Émail
52%
Ce métal est synonyme d'Obturation Plomb
40%
On les fabrique avec de la résine afin qu'elle soit discrètes Bagues
8%
Aucun quiz correspondant
Distribution des résultats
% des personnes avec chaque résultat
Percentile par nombre de réponses
Votre historique - résultats
Vous n’avez pas pris ce quiz